Facultad de Derecho – Universidad Nacional de Mar del Plata

Intermediacion comercial y granaria : corretaje y arbitraje en el comercio de granos (Record no. 2452)

MARC details
000 -LEADER
fixed length control field 01274cam a22003737a 4500
001 - CONTROL NUMBER
control field 002462
003 - CONTROL NUMBER IDENTIFIER
control field armpunfd
005 - DATE AND TIME OF LATEST TRANSACTION
control field 20140612090708.0
008 - FIXED-LENGTH DATA ELEMENTS--GENERAL INFORMATION
fixed length control field 120416e0####xx#a##########000#0#und#d
040 ## - CATALOGING SOURCE
Original cataloging agency armpunfd
Transcribing agency armpunfd
080 ## - UNIVERSAL DECIMAL CLASSIFICATION NUMBER
Universal Decimal Classification number 347.732 R 568
100 10 - MAIN ENTRY--PERSONAL NAME
Personal name Robiolo, Jorge Alberto
245 10 - TITLE STATEMENT
Title Intermediacion comercial y granaria : corretaje y arbitraje en el comercio de granos
260 ## - PUBLICATION, DISTRIBUTION, ETC. (IMPRINT)
Place of publication, distribution, etc Osario: Santa Fe
Name of publisher, distributor, etc Nova Tesis
300 ## - PHYSICAL DESCRIPTION
Extent 2009. isbn: 978-987-635-023-5. 351 i.
650 #7 - SUBJECT ADDED ENTRY--TOPICAL TERM
Topical term or geographic name as entry element Agentes De Bolsa
Source of heading or term LEMB
650 #7 - SUBJECT ADDED ENTRY--TOPICAL TERM
Topical term or geographic name as entry element Arbitraje En Comercio De Granos
Source of heading or term LEMB
650 #7 - SUBJECT ADDED ENTRY--TOPICAL TERM
Topical term or geographic name as entry element Camaras Arbitrales De Cereales
Source of heading or term LEMB
650 #7 - SUBJECT ADDED ENTRY--TOPICAL TERM
Topical term or geographic name as entry element Comercio De Granos
Source of heading or term LEMB
650 #7 - SUBJECT ADDED ENTRY--TOPICAL TERM
Topical term or geographic name as entry element Coredores De Cereales
Source of heading or term LEMB
650 #7 - SUBJECT ADDED ENTRY--TOPICAL TERM
Topical term or geographic name as entry element Corredores Inmobiliarios
Source of heading or term LEMB
650 #7 - SUBJECT ADDED ENTRY--TOPICAL TERM
Topical term or geographic name as entry element Corredores
Source of heading or term LEMB
650 #7 - SUBJECT ADDED ENTRY--TOPICAL TERM
Topical term or geographic name as entry element Derecho Comercial
Source of heading or term LEMB
650 #7 - SUBJECT ADDED ENTRY--TOPICAL TERM
Topical term or geographic name as entry element Intermediacion Comercial
Source of heading or term LEMB
650 #7 - SUBJECT ADDED ENTRY--TOPICAL TERM
Topical term or geographic name as entry element Intermediacion Granaria
Source of heading or term LEMB
650 #7 - SUBJECT ADDED ENTRY--TOPICAL TERM
Topical term or geographic name as entry element Legislacion Arbitral
Source of heading or term LEMB
650 #7 - SUBJECT ADDED ENTRY--TOPICAL TERM
Topical term or geographic name as entry element Ley 25028
Source of heading or term LEMB
650 #7 - SUBJECT ADDED ENTRY--TOPICAL TERM
Topical term or geographic name as entry element Martilleros
Source of heading or term LEMB
650 #7 - SUBJECT ADDED ENTRY--TOPICAL TERM
Topical term or geographic name as entry element Modelos De Actuacion
Source of heading or term LEMB
650 #7 - SUBJECT ADDED ENTRY--TOPICAL TERM
Topical term or geographic name as entry element Transferencia De Fondos De Comercio
Source of heading or term LEMB
650 #7 - SUBJECT ADDED ENTRY--TOPICAL TERM
Topical term or geographic name as entry element Warrants
Source of heading or term LEMB
942 ## - ADDED ENTRY ELEMENTS (KOHA)
Koha item type LIBRO
Source of classification or shelving scheme
945 ## - LOCAL PROCESSING INFORMATION (OCLC)
a Catalis
d 2010-08-19
Holdings
Withdrawn status Lost status Source of classification or shelving scheme Damaged status Not for loan Home library Current library Shelving location Date acquired Total Checkouts Full call number Barcode Date last seen Price effective from Koha item type
          Bib. Derecho Bib. Derecho Sala de Lectura 12/06/2014   347.732 R 568 202532 12/06/2014 12/06/2014 LIBRO (Consulta)

XHTML | CSS | ©Biblioteca Central - Dto. Tecnología de la Información - [ Con tecnología Koha ]